|
|
|
|
| LEADER |
00652nam a2200181Ia 4500 |
| 008 |
140316s9999 xx 000 0 und d |
| 082 |
|
|
|a ICAR
|b DCR/2010-1
|
| 100 |
|
|
|
| 245 |
|
|
|a Annual report : 2010-11
|
| 260 |
|
|
|a Karnataka
|b Directorate of Cashew Research
|c 2010-11
|
| 300 |
|
|
|a 72
|
| 650 |
|
|
|a Directorate of Cashew Research : annual report 2010-11
|
| 650 |
|
|
|a Directorate of Cashew Research : annual report 2010-11
|
| 700 |
|
|
|a Rupa,T R
|
| 700 |
|
|
|a Shivarama Bhat,P
|
| 942 |
|
|
|2 ddc
|c REF
|
| 999 |
|
|
|c 24321
|d 24321
|
| 952 |
|
|
|0 0
|1 0
|2 ddc
|4 0
|6 ICAR_DCR20101
|7 0
|9 32299
|a KAUCLV
|b KAUCLV
|c REPORTS
|d 2014-03-18
|o ICAR DCR/2010-1
|p 806664
|r 2014-03-18
|w 2014-03-18
|y REF
|